| 000 | 00435nam a2200181Ia 4500 | ||
|---|---|---|---|
| 008 | 210210b1945 xxu||||| |||| 00| 0 eng d | ||
| 041 | _aeng | ||
| 082 | _a330/220 | ||
| 100 | _aJOANES (J H) | ||
| 245 | _aEconomics of private enterprise | ||
| 260 |
_aLondon _bSir Isaac Pitman & Sons Ltd., _c1945 |
||
| 650 | _aprivate | ||
| 650 | _aof | ||
| 650 | _aenterprise | ||
| 650 | _aEconomics | ||
| 690 | _aEconomics | ||
| 906 | _a003623 | ||
| 999 |
_c119761 _d119761 |
||